UBT Library

Environmental science (Record no. 1288)

000 -LEADER
fixed length control field 00483nam a2200157 4500
008 - FIXED-LENGTH DATA ELEMENTS--GENERAL INFORMATION
fixed length control field 151015b xxu||||| |||| 00| 0 eng d
020 ## - INTERNATIONAL STANDARD BOOK NUMBER
International Standard Book Number 047132173
041 0# - LANGUAGE CODE
Language code of text/sound track or separate title eng
080 ## - UNIVERSAL DECIMAL CLASSIFICATION NUMBER
Universal Decimal Classification number 55
245 0# - TITLE STATEMENT
Title Environmental science
Statement of responsibility, etc John Wilet & Sons, Inc.
250 ## -
-- Third ed.
260 ## -
-- New York, Chichester, Weinheim, Brisbane, Singapore, Toronto
-- Botkin Keller
-- 2000
300 ## -
-- [649] f;
-- me il.;
-- 26 cm
650 #0 -
-- Shkenca Natyrore
942 ## - ADDED ENTRY ELEMENTS (KOHA)
Source of classification or shelving scheme
Item type Books

No items available.

UBT Library © 2015-2024. All rights reserved University Education for Business and Technology